Statistics for Capital Names with Animals

Click here to take the quiz!

General Stats

  • This quiz has been taken 81 times
  • The average score is 7 of 15

Answer Stats

AnimalCapital City% Correct
CowMoscow
87%
DodoDodoma
77%
AntAntananarivo
68%
MaraAsmara
63%
BatRabat
61%
CatMuscat
58%
ApeCape Town
55%
AssBasseterre
45%
BatAshgabat
39%
AssNassau
32%
RatBratislava
31%
HartKhartoum
31%
HenAthens
21%
HareBucharest
20%
AntSantiago
20%

Score Distribution

Percentile by Number Answered

Percent of People with Each Score

Your Score History

You have not taken this quiz